Incidencia de disturbios antropogénicos sobre el escurrimiento y la erosión hídrica de suelos del sur de la región semiárida argentina /

Guardado en:
Otros Autores: Echeverría, Nora Elena. (Disertante), Silenzi, Juan Carlos. (Orientador)
Formato: Manuscrito
Idioma:Spanish
Publicado: 2014.
Materias:
Etiquetas: Agregar Etiqueta
Sin Etiquetas, Sea el primero en etiquetar este registro!
LEADER 01182ntm a22003015a 4500
001 EEA.libagro010328
005 20150220112537.0
008 141023s2014####ag#######bm###000#0#spa#d
082 0 4 |a 040 
100 1 |a Echeverría, Nora Elena.  |4 dis 
245 1 0 |a Incidencia de disturbios antropogénicos sobre el escurrimiento y la erosión hídrica de suelos del sur de la región semiárida argentina /  |c Nora Elena Echeverría. 
260 |c 2014. 
300 |a xvi, 191 h. :  |b il. col. ;  |c 30 cm. 
500 |a "Tesis de Magíster en Ciencia Agrarias". 
500 |a Director de tesis: Juan Carlos Silenzi. 
502 |a Tesis (magíster)--Universidad Nacional del Sur. Departamento de Agronomía, 2014. 
504 |a Incluye referencias bibliográficas. 
650 7 |a Agronomía. 
650 7 |a Suelos. 
650 7 |a Erosión del suelo. 
650 7 |a Degradación de los suelos. 
650 7 |a Escurrimiento. 
651 7 |a Argentina 
653 |a Sobrepastoreo 
653 |a Erosión hídrica 
700 1 |a Silenzi, Juan Carlos.  |4 ths 
710 2 |a Universidad Nacional del Sur.  |b Departamento de Ciencias Agrarias  |4 dgg. 
859 |a AR-BbBCA  |b BIB. AGRONOMIA  |h 040  |i B148 2014-1322  |p 124723/014